Statistics for Busiest Air Routes in the World

Click here to take the quiz!

General Stats

  • This quiz has been taken 30,502 times
    (23,555 since last reset)
  • The average score is 41 of 94

Answer Stats

City% Correct
New York City
98%
London
97%
Los Angeles
94%
Tokyo
93%
Beijing
92%
Shanghai
85%
Sydney
85%
Delhi
81%
Chicago
80%
Seoul
79%
Dubai
78%
Hong Kong
77%
Mexico City
77%
Mumbai
76%
Rio de Janeiro
76%
Singapore
75%
San Francisco
74%
Jakarta
73%
Melbourne
72%
Atlanta
71%
Bangkok
71%
Toronto
70%
Istanbul
67%
Osaka
67%
São Paulo
67%
Manila
65%
Kuala Lumpur
62%
Seattle
62%
Guangzhou
61%
Vancouver
60%
Johannesburg
59%
Taipei
58%
Cape Town
57%
Hanoi
57%
Ho Chi Minh City
55%
Kolkata
53%
Auckland
52%
Bogotá
51%
Montréal
51%
Lima
50%
Wellington
49%
Brisbane
48%
Las Vegas
48%
Riyadh
48%
Denver
45%
Ankara
44%
Orlando
42%
Busan
41%
Xi'an
41%
Chennai
40%
Bangalore
39%
Adelaide
36%
Sapporo
36%
Shenzhen
36%
Bali (Denpasar)
34%
Chengdu
33%
Guadalajara
31%
Cancun
30%
Hyderabad
30%
Jeddah
27%
Medellin
27%
Chongqing
26%
Christchurch
25%
Phuket
25%
Kuwait City
24%
Monterrey
24%
Durban
22%
Jeju
22%
Surabaya
21%
Fukuoka
20%
Cali
19%
İzmir
19%
Hangzhou
17%
Cebu
16%
Chiang Mai
15%
Pune
15%
Cusco
13%
Medan
13%
Penang (George Town)
13%
Da Nang
11%
Goa (Vasco da Gama)
11%
Gold Coast
11%
Kunming
11%
Cartagena
10%
Davao
10%
Naha
10%
Makassar
9%
Fort Lauderdale
7%
Kota Kinabalu
5%
Jinghong
4%
Kagoshima
4%
Kuching
4%
Hat Yai
3%
Padang
3%

Score Distribution

Percentile by Number Answered

Percent of People with Each Score

Your Score History

You have not taken this quiz since the last reset